00997nam a2200241 i 4500001000700000003000900007005001700016007000300033008004100036080002800077100003100105245007300136250001200209260005500221300004600276490006100322600003100383700005800414830006600472852007100538999001900609952012700628177311ES-MaACL20260213134531.0t|110315s1972 sp af ||||1| spa d a74/75 Vera, Cristino de1 aVera, Cristino de.911394010aDibujos de Cristino de Vera / cpor Agustín Rodríguez Sahagún. a1ª ed. aMadrid : bIbérico Europea de Ediciones, c1972. a[32] p. : bprincipalmente il. ; c31 cm.1 aMaestros contemporáneos del dibujo y la pintura ; v2114aVera, Cristino de.9113940 aRodríguez Sahagún, Agustín, d1932-1991924088410aMaestros contemporáneos del dibujo y la pinturav2191904054 aES-MaACLjE-14688 (1) xOlim P-1071 z- Enc. con otros títulos c177311d177311 00104070aATENEOMbATENEOMcDEPO2d2011-03-15eCOMl0oE-14688 (1)p1186228r2023-02-23 00:00:00w2023-02-23yMONOGRAFIA